Angry Birds Space - Episodes - Statistics

General Stats
  • This quiz has been taken 13 times
  • The average score is 9 of 12
Answer Stats
Number Release Answer % Correct
5th 8/2012 Red Planet
83%
10th 7/2015 Solar System
83%
7th 9/2013 Cosmic Crystals
75%
1st 3/2012 Pig Bang
75%
6th 12/2012 Pig Dipper
75%
4th 5/2012 Utopia
75%
2nd 3/2012 Cold Cuts
67%
11th 3/2012 Danger Zone
67%
Special 3/2012 Eggsteroids
67%
3rd 4/2012 Fry Me to the Moon
67%
8th 6/2014 Beak Impact
58%
9th 1/2015 Brass Hogs
58%
No matching quizzes found
Score Distribution
Percent of People with Each Score
Percentile by Number Answered
Your Score History
You have not taken this quiz